| 000 | 00794nam a2200181Ia 4500 | ||
|---|---|---|---|
| 005 | 20251020182557.0 | ||
| 008 | 200515s9999 xx 000 0 und d | ||
| 082 | _aSC/061.6/1988/t. 1 | ||
| 110 | _aMinisterio de la Presidencia : Consejo Nacional de Ciencia y Tecnología | ||
| 245 | 0 | _aDirectorio Nacional de Instituciones dedicadas a actividades científicas y Tecnológicas (Edición preliminar) : Inventario nacional del potencial científico y tecnológico | |
| 260 | _aLima | ||
| 260 | _c1988 | ||
| 300 | _as. n | ||
| 520 | _aSe han registrado las referencias de 574 instituciones, incluyendo en cada caso además, las funciones que tienen asignadas, las disciplinas que comprenden y sus grupos de trabajo | ||
| 650 | _aCIENCIA Y TECNOLOGIA | ||
| 650 | _aDIRECTORIOS | ||
| 942 | _cLIB | ||
| 999 |
_c2922 _d2922 |
||